|
|
|
|
| LEADER |
00000cam a2200000 4500 |
| 001 |
vtls012130424 |
| 003 |
SK-MaSNL |
| 005 |
20260301191944.0 |
| 008 |
220408s2020 xo oa g n 000 0 slo |
| 015 |
|
|
|a SNBA2023/03
|
| 020 |
|
|
|a 9788082130297
|q (brožované)
|
| 040 |
|
|
|a SNK
|b slo
|c SNK
|e rda
|
| 041 |
0 |
|
|a slo
|
| 044 |
|
|
|a xo
|c SK
|
| 072 |
|
7 |
|a 656
|x Doprava
|2 konspekt
|
| 072 |
|
7 |
|a 351
|x Úlohy verejnej správy, správne opatrenia. Legislatíva
|2 konspekt
|
| 080 |
|
|
|a 656.025.2
|2 2011
|
| 080 |
|
|
|a 351.81
|2 2011
|
| 080 |
|
|
|a 711.4
|2 2011
|
| 080 |
|
|
|a 502.131.1
|2 2011
|
| 080 |
|
|
|a (072)
|2 2011
|
| 100 |
1 |
|
|a Štulajterová, Andrea
|4 aut
|9 569290
|
| 245 |
1 |
0 |
|a Zásady, postupy a príklady plánovania udržateľnej mestskej mobility
|b školiaci a metodický materiál
|c Andrea Štulajterová, Jana Pavlíková
|
| 250 |
|
|
|a Vydanie prvé
|
| 264 |
|
1 |
|a [Banská Bystrica]
|b Slovenská agentúra životného prostredia
|c 2020
|
| 300 |
|
|
|a 25 strán
|b fotografie, grafy, tabuľky
|c cm
|
| 336 |
|
|
|a text
|b txt
|2 rdacontent
|
| 337 |
|
|
|a bez média
|b n
|2 rdamedia
|
| 338 |
|
|
|a zväzok
|b nc
|2 rdacarrier
|
| 366 |
|
|
|e 500 kusov
|
| 500 |
|
|
|a Názov z obalu
|
| 500 |
|
|
|a Miesto vydania podľa NA ISBN
|
| 500 |
|
|
|a Obsahuje zoznam skratiek
|
| 504 |
|
|
|a Obsahuje bibliografiu na strane [26] a užitočné linky
|
| 650 |
0 |
7 |
|a mobilita
|2 SNKPH
|9 568499
|
| 650 |
0 |
7 |
|a verejná doprava
|2 SNKPH
|9 72689
|
| 650 |
0 |
7 |
|a dopravná infraštruktúra
|2 SNKPH
|9 58160
|
| 650 |
0 |
7 |
|a mestá
|2 SNKPH
|9 2929
|
| 650 |
0 |
7 |
|a udržateľný rozvoj
|2 SNKPH
|9 236336
|
| 650 |
0 |
7 |
|a Public transport
|2 SNKPHeng
|9 446186
|
| 650 |
0 |
7 |
|a Transport infrastructure
|2 SNKPHeng
|9 323216
|
| 650 |
0 |
7 |
|a Towns
|2 SNKPHeng
|9 270165
|
| 650 |
0 |
7 |
|a Sustainable development
|2 SNKPHeng
|9 265066
|
| 655 |
|
7 |
|a metodické príručky
|2 SNKPH
|9 70250
|
| 655 |
|
7 |
|a Methodological manuals
|2 SNKPHeng
|9 270866
|
| 700 |
1 |
|
|a Pavlíková, Jana
|4 aut
|9 390940
|
| 919 |
|
|
|a 978-80-8213-029-7
|
| 954 |
|
|
|a odborná, vedecká literatúra pôvodná (slovenská)
|2 lita
|
| 958 |
|
|
|a NB
|
| 999 |
|
|
|c 872713
|d 874643
|
| 952 |
|
|
|a SNK
|b SNK
|y PREZ
|7 0
|p 17A1308767
|o snkSC 198126
|i snk2022/9719
|8 0
|0 0
|1 0
|4 0
|d 2022-06-14
|l 0
|r 2025-10-20 00:00:00
|w 2026-02-24
|
| 952 |
|
|
|a SNK
|b SNK
|y VYP
|7 0
|p 17A1308768
|o snkSC 198126 D1
|i snk2022/9720
|8 0
|0 0
|1 0
|4 0
|d 2022-06-14
|l 0
|r 2026-02-24 05:48:04
|w 2026-02-24
|